000 00351nam a2200133Ia 4500
008 151001s9999||||xx |||||||||||||| ||und||
100 _aना सी फडके
245 _aमहात्मा गांधी
250 _a1
260 _bअंजली प्रकाशन पुणे
260 _c1954
300 _a122
365 _b7
999 _c949041
_d949038